Guess These Countries by Their Scrambled Capital City - Statistics

General Stats
  • This quiz has been taken 45 times
    34 since last reset
  • The average score is 5 of 8
Answer Stats
Hint Answer % Correct
oairc Cairo/Egypt
100%
mreo Rome/Italy
100%
laisbrai Brasilia/Brazil
86%
kreivykaj Reykjavik/Iceland
86%
mamadsrte Amsterdam/Netherlands(Holland)
83%
kobnagk Bangkok/Thailand
83%
ateplguagci Tegucigalpa/Honduras
83%
snitu Tunis/Tunisia
83%
oryamououssk Yamoussoukro/Ivory Coast
83%
ublka Kabul/Afghanistan
80%
dmaird Madrid/Spain
80%
nslbio Lisbon/Portugal
75%
doienvmoet Montevideo/Uruguay
75%
watotaw Ottawa/Canada
71%
ioplirt Tripoli/Libya
71%
rebacrna Canberra/Australia
70%
nebr Bern/Switzerland
67%
cswomo Moscow/Russia
67%
ihdlewne New Delhi/India
67%
urn-unlats Nur-Sultan/Kazakhstan
67%
avinne Vienna/Austria
67%
bzaerg Zagreb/Croatia
67%
alnuad Luanda/Angola
60%
llanrdoraaaelv Andorra la Vella/Andorra
50%
ergdable Belgrade/Serbia
50%
ypactmaian Panama City/Panama
50%
cdwignhsanto Washington D.C./USA
29%
kwidonhe Windhoek/Namibia
29%
trpfosoinpa Port of Spain/Trinidad and Tobago
25%
rebauonisse Buenos Aires/Argentina
0%
No matching quizzes found
Score Distribution
Percent of People with Each Score
Percentile by Number Answered
Your Score History
You have not taken this quiz since the last reset